UBT Library

TIMES ARROW TIMES CYCLE (Record no. 60539)

000 -LEADER
fixed length control field 00313nam a22001457a 4500
008 - FIXED-LENGTH DATA ELEMENTS--GENERAL INFORMATION
fixed length control field 231127b ||||| |||| 00| 0 eng d
020 ## - INTERNATIONAL STANDARD BOOK NUMBER
International Standard Book Number 0674891988
041 ## - LANGUAGE CODE
Language code of text/sound track or separate title eng
080 ## - UNIVERSAL DECIMAL CLASSIFICATION NUMBER
Universal Decimal Classification number 91
082 ## - DEWEY DECIMAL CLASSIFICATION NUMBER
Classification number 91GOU
100 ## - Rafti
Rafti 28
101 ## - Shkurtesa
Shkurtesa HISTO
245 ## - TITLE STATEMENT
Title TIMES ARROW TIMES CYCLE
Statement of responsibility, etc GOULD.J.S
942 ## - ADDED ENTRY ELEMENTS (KOHA)
Source of classification or shelving scheme
Item type Books
Holdings
Withdrawn status Lost status Source of classification or shelving scheme Damaged status Not for loan Collection code Permanent location Current location Date acquired Total Checkouts Full call number Barcode Date last seen Price effective from Koha item type
          Koleksioni i përgjithshem UBT - Lipjan UBT - Lipjan 11/27/2023   91GOU 002-800070497 11/27/2023 11/27/2023 Books
UBT Library © 2015-2024. All rights reserved University Education for Business and Technology